Sejarah Malaysia sepintas lalu

Bibliographic Details
Other Authors: Zainal Abidin Wahid
Format: Book
Published: Kuala Lumpur : Dewan Bahasa Dan Pustaka , 1983
Subjects:

MARC

LEADER 00000cam a2200000 7i4500
001 0000049568
005 20011129.0
020
090 0 0 |a 959.503   |b SEJ 
245 0 0 |a Sejarah Malaysia sepintas lalu   |c disusun oleh Prof.Datuk Zainal Abidin Wahid 
260 |a Kuala Lumpur :   |b Dewan Bahasa Dan Pustaka ,   |c 1983 
300 |a 194p. ;   |c 22cm. 
650 0 0 |a Malaysia   |x History 
700 0 |a Zainal Abidin Wahid   |f Prof. Datuk 
999 |a 0003961   |b BUKU   |c MALAYSIANA   |e PERPUSTAKAAN KOMUNITI PETALING JAYA